000 02578cam a22003255i 4500
999 _c28080
_d28051
001 20139685
003 EG-ScBUE
005 20200213150423.0
008 171031s2018 enk f b 001 0 eng d
020 _a9781138669055 (pbk. : alk. paper)
040 _aICU/DLC
_beng
_erda
_cICU
_dDLC
_dEG-ScBUE
082 0 4 _a809.02
_bWEI
_222
100 1 _aWeisl, Angela Jane,
_d1963-
_eauthor.
245 1 0 _aMedieval literature :
_bthe basics /
_cAngela Jane Weisl and Anthony Joseph Cunder.
264 1 _aAbingdon, Oxon ;
_aNew York, NY :
_bRoutledge / Taylor & Francis Group,
_c2018.
300 _avii, 170 pages ;
_c22 cm.
336 _atext
_btxt
_2rdacontent
337 _aunmediated
_bn
_2rdamedia
338 _avolume
_bnc
_2rdacarrier
490 0 _aBasics
504 _aIncludes bibliographical references and index.
505 0 _aIntroduction: here begynneth game: the basics of medieval literature -- Game of texts: the magic of medievalism -- How to wield a sword in the Middle Ages: the literature of war and violence -- Chivalry is not dead: the literature of love and desire -- Touching heaven: the literature of religion -- Meeting monsters on the map: the literature of space and time -- The most extreme: iconic authors of the Middle Ages.
520 _a"Medieval Literature: The Basics is an engaging introduction to this fascinating body of literature. The volume breaks down the variety of genres used in the corpus of Medieval Literature and makes these texts accessible to readers. It engages with the familiarities present in the narratives and connects these ideas with a contemporary, twenty-first century audience. The volume also addresses contemporary medievalism to show the presence of medieval literature in contemporary culture, such as film, television, games, and novels. From Dante and Chaucer to Christine de Pisan, this book deals with questions such as:What is Medieval Literature?What are some of the key topics and genres of Medieval Literature?How did it evolve as technology, such as the printing press, developed?How has it remained relevant in the twenty first century?Medieval Literature: The Basics is an ideal introduction for students coming to the subject for the first time, while also acting as a springboard from which deeper interaction with Medieval Literature can be developed."--Provided by publisher.
650 7 _aLiterature, Medieval
_xHistory and criticism.
_2BUEsh
653 _bHHUUEENN
_cFebruary2020
700 1 _aCunder, A. J.
_q(Anthony John),
_eauthor.
942 _2ddc
_cBB